Cesta od absolventa k top manažerovi ?

Riadenie a práca s absolventami. Vertikálny posun spoločností a rozvíjanie talentov. Horizontálny rast kariéry alebo objavenie samého seba. Strmý rast kariéry nie je neobvyklý.

Salvato in:
Dettagli Bibliografici
Autore principale: Rampasová, Tereza
Natura: Capitolo di libro
Lingua:ceco
Soggetti:
Tags: Aggiungi Tag
Nessun Tag, puoi essere il primo ad aggiungerne!!

MARC

LEADER 00000naa$a2200000$$$4500
001 0098884
005 20231113131821.7
041 0 |a cze 
044 |a CZ 
245 1 0 |a Cesta od absolventa k top manažerovi ?  |c Tereza Rampasová 
520 |a Riadenie a práca s absolventami. Vertikálny posun spoločností a rozvíjanie talentov. Horizontálny rast kariéry alebo objavenie samého seba. Strmý rast kariéry nie je neobvyklý. 
610 2 0 |a absolventi 
610 2 0 |a talenty 
610 2 0 |a kariéra 
100 1 |a Rampasová, Tereza